| 000 | 00547nam a2200169 a 4500 | ||
|---|---|---|---|
| 001 | 000030150 | ||
| 005 | 20200930060102.0 | ||
| 008 | 110503s2006 dr ac 000 0 spa d | ||
| 020 | _a9993482196 | ||
| 040 |
_aDO-SdBNP _bspa _cBNPHU |
||
| 082 |
_axxx _bC397 |
||
| 110 | 2 |
_aCentro para el Desarrollo Agropecuario y Forestal _9519 |
|
| 245 | 1 | 0 |
_aMemoria anual 2005 / _cpresentación José Miguel Bonetti Guerra. |
| 260 |
_aSanto Domingo : _bCEPAF, _c2006. |
||
| 300 |
_a50 p. : _bil., retrs. ; _c28 cm. |
||
| 700 | 1 |
_aGuerra Bonetti, José Miguel _956861 |
|
| 999 |
_c29642 _d29642 |
||